ბათუმის შოთა რუსთაველის სახელმწიფო უნივერსიტეტის ბიბლიოთეკა

რკინაბეტონის კონსტრუქციების მოკლე კურსი ნაწ.II : (ბიბ.ჩანაწერი № 39191)

000 -ლიდერი
ფიქსირებული სიგრძის საკონტროლო ველი 00924nam a2200205Ia 4500
001 - საკონტროლო ნომერი
საკონტროლო ველი 5776
003 - საკონტროლო ნომრის იდენტიფიკატორი
საკონტროლო ველი GE_BSU
005 - ბოლო ოპერაციის თარიღი და დრო
საკონტროლო ველი 20190426003816.0
008 - ფიქსირებული სიგრძის მონაცემთა ელემენტები - ზოგადი ინფორმაცია
ფიქსირებული სიგრძის საკონტროლო ველი 181216s1971||||ge |||||||||||||| ||geo||
040 ## - კატალოგიზაციის წყარო
Transcribing agency GE_BSU
041 ## - ენის კოდი
Language code of text/sound track or separate title geo
080 ## - უნივერსალური ათობითი კლასიფიკაციის ინდექსი
Universal Decimal Classification number 624.012.4 ნ-67
100 ## - მთავარი ჩანაწერი - პიროვნების სახელი
Personal name ნინუა, ნ.
9 (RLIN) 402
245 ## - ცნობა სათაურის შესახებ
Title რკინაბეტონის კონსტრუქციების მოკლე კურსი ნაწ.II :
Remainder of title ლექციების კონსპექტი /
Statement of responsibility, etc ნ. ნინუა ; რედ. ე. კირვალიძე.
264 ## - წარმოების, გამოცემის, დისტრიბუციის და სხვა ცნობები
გამოცემის, წარმოების, დისტრიბუციის... ადგილი თბილისი :
გამოცემის, წარმოების, დისტრიბუციის... სახელწოდება სპი ,
გამოცემის, წარმოების, დისტრიბუციის... თარიღი 1971.
300 ## - ფიზიკური აღწერა
Extent 234 გვ. :
Other physical details ნახაზები, დანართები ;
Dimensions 20 სმ.
653 ## - INDEX TERM--UNCONTROLLED
Uncontrolled term რკინაბეტონის კონსტრუქციები.
700 ## - ADDED ENTRY--PERSONAL NAME
Personal name კირვალიძე, ე.
Relator term რადაქტორი
9 (RLIN) 492
942 ## - ADDED ENTRY ELEMENTS (KOHA)
Koha item type წიგნი
Source of classification or shelving scheme
ეგზემპლარები
ჩამოწერის სტატუსი დაკარგული ეგზემპლარის სტატუსი კლასიფიკაციის წყარო ან თაროზე გაწყობის სქემა დაზიანების სტატუსი არ გაიცემა მუდმივი მდებარეობა (დაცვის ადგილი) ამჟამინდელი ადგილსამყოფელი თაროზე განთავსების ადგილი შეძენის თარიღი ღირებულება, შესყიდვის ნორმალური ფასი სრული შენახვის შიფრი შტრიხკოდი ბოლო ოპერაციის თარიღი ეგზემპლარის მიმდევრობითი ნომერი (კეტერი?) ფასის ძალაში შესვლის თარიღი ეგზემპლარის სახეობა საჯარო შენიშვნა
          ბათუმის შოთა რუსთაველის სახელმწიფო უნივერსიტეტის მთავარი ბიბლიოთეკა ტექნოლოგიური ფაკულტეტის ბიბლიოთეკა წიგნსაცავი 2018-12-17 1.36 624.012.4 ნ-67 11421 2018-12-17 11421 2018-12-17 წიგნი 1.36 ლ.
          ბათუმის შოთა რუსთაველის სახელმწიფო უნივერსიტეტის მთავარი ბიბლიოთეკა ტექნოლოგიური ფაკულტეტის ბიბლიოთეკა წიგნსაცავი 2018-12-17 1.36 624.012.4 ნ-67 11422 2018-12-17 11422 2018-12-17 წიგნი 1.36 ლ.
          ბათუმის შოთა რუსთაველის სახელმწიფო უნივერსიტეტის მთავარი ბიბლიოთეკა ტექნოლოგიური ფაკულტეტის ბიბლიოთეკა წიგნსაცავი 2018-12-17 1.36 624.012.4 ნ-67 11423 2018-12-17 11423 2018-12-17 წიგნი 1.36 ლ.